000 00445nam a2200169Ia 4500
003 GCL
008 140319s9999 xx 000 0 ara d
040 _aGCL /
_cGCL
082 0 4 _a841
_bخ ا
100 1 _aخليل الخورى
245 1 0 _aارثور رامبو حياته وشعره /
_cخليل الخورى
300 _a312 ص
490 _a
650 0 4 _aالشعر الفرنسى
650 0 4 _aارثو رامبو
942 _2ddc
_cBK
999 _c38273
_d38273